000 00362nam a22001217a 4500
999 _c2336
_d2336
005 20200914102936.0
008 200914b ||||| |||| 00| 0 eng d
020 _a0521358434
040 _cCML
245 _aThe Learner-Centred Curriculum.
_cNunan, D.
260 _aNew york
_bCambridge University
_c1988
942 _2ddc
_cBK
_e1st Edition
_h375
_mNUN